| 000 | 01579nam a22002655a 4500 | ||
|---|---|---|---|
| 003 | OSt | ||
| 005 | 20201124141950.0 | ||
| 008 | 180313s1913 fr frb 000 0 ara d | ||
| 040 |
_aEG-ScBUE _bara _cEG-ScBUE |
||
| 041 | 0 |
_aara _aper _afre |
|
| 082 | 0 | 4 |
_a297.4 _bح ل ا _222 |
| 100 | 1 |
_aحلاج، الحسين بن منصور، _d858 أو 859 - 922. |
|
| 245 | 1 | 0 |
_aكتاب الطواسين / _cلأبي المغيث الحسين بن منصور الحلاج البيضاوي البغدادي ؛ مع النسخة الفارسية للبقلي ؛ تقديم ونقد لويس ماسينيون. |
| 246 | 3 | 0 | _aطواسين |
| 260 |
_aباريس : _bمكتبة بول جوتيز، _c1913. |
||
| 300 |
_a220 ص. : _bإيض. ؛ _c24 سم. |
||
| 500 | _aبقلم أبو المغيث الحسين بن منار الجلاج البداوي البغدادي. النص العربي المنشور لأول مرة ، وفقا لمخطوطات اسطنبول ولندن. مع النسخة الفارسية من البقلى ، تحليل تعليقه الفارسي ، مقدمة نقدية ، ملاحظات ، ملاحظات وثلاثة مؤشرات ، من قبل لويس ماسينيون. "صفحة العنوان" | ||
| 504 | _aيشتمل على إرجاعات ببليوجرافية. | ||
| 546 | _aالنص باللغة العربية والفارسية والفرنسية. | ||
| 650 | 7 |
_aالتصوف الإسلامي. _2BUEsh |
|
| 651 | _2BUEsh | ||
| 653 |
_bGGEN _cMarch2018 |
||
| 700 | 1 |
_aبقلي، روزبهان بن النصر، _d1209 أو 1210 -. |
|
| 942 | _2ddc | ||
| 999 |
_c26288 _d26260 |
||